Statistics for Largest Cities of United States by their LAST Letter

Click here to take the quiz!

General Stats

  • This quiz has been taken 77 times
  • The average score is 10 of 18

Answer Stats

LetterRankCITY% Correct
K1New York
97%
S2Los Angeles
94%
O3Chicago
93%
N4Houston
88%
A6Philadelphia
85%
X5Phoenix
82%
I43Miami
79%
T23Detroit
62%
E10San Jose
57%
Y27Oklahoma City
56%
R19Denver
54%
D26Portland
53%
U55Honolulu
40%
H15Fort Worth
29%
L64Saint Paul
22%
G79St. Petersburg
10%
M56Anaheim
9%
W277Broken Arrow
3%

Score Distribution

Percentile by Number Answered

Percent of People with Each Score

Your Score History

You have not taken this quiz